00459nam a2200133Ia 4500008004100000050002000041082002300061100001800084245005200102260003300154300001100187500007500198650005200273121101s9999 xx 000 0 und d aTK2261 E57 1966 a621.319 H919m 1966 aHumburg, Karl aMáquinas de corriente continua / Karl Humburg aMéxico : Hispano Americana a112 p. aColección: Manuales Uteha No. 203 Traducción de: Reinaldo Guiza V. a1. CORRIENTE CONTINUA 2. CORRIENTE ELECTRICAÌ